000 00561nam a2200157 a 4500
001 000031524
005 20200930063006.0
008 110627s1944 dr 000 | spa d
040 _aDO-SdBNP
_bspa
_cBNPHU
082 _axxx
_bA345f
245 0 0 _aÁlbum folklórico dominicano de las históricas canciones antiguas pro-centenario :
_b1844-1944 /
_ccompilado por José A. Saldaña Suazo.
260 _aCiudad Trujillo, República Dominicana :
_b[s.n.],
_c1944.
300 _a[98] p. ;
_c21 cm.
700 1 _aSaldaña Suazo, José A.,
_ecomp.
_926628
049 _aBNPD
999 _c31016
_d31016